| 000 | 01128nam a22003017a 4500 | ||
|---|---|---|---|
| 001 | 6328 | ||
| 003 | FISKH | ||
| 005 | 20250422123234.0 | ||
| 008 | 250422b cb ||||| |||| 00| 0 eng d | ||
| 020 | _a9780516274812 | ||
| 040 |
_aFISKH _beng _cFISKH _dFISKH |
||
| 050 | _aE382 .V46 | ||
| 082 | _a973.5 | ||
| 100 | _aVenezia, Mike | ||
| 245 |
_aAndrew Jackson : _bSeventh President 829-1837 / _cWrittten and illustrated by Mike Venezia |
||
| 260 |
_aNew York : _bScholastic , _c2005. |
||
| 300 |
_a32 pages : _bcolor illustrations ; _c25 cm . |
||
| 490 |
_aGetting to Know the US Presidents _v7 |
||
| 505 | _aZ | ||
| 520 | _aPresents a brief biography of Andrew Jackson, seventh president of the United States, in simple text with illustrations, describing his childhood, his education, and his achievements as president. | ||
| 521 | 8 |
_a940
_bLexile |
|
| 521 | 8 |
_aZ
_bRaz-Plus |
|
| 650 |
_aJackson, Andrew , 1765-1845 _vJuvenile literature |
||
| 650 |
_aPresidents- United States- Biography _vJuvenile literature |
||
| 700 |
_aVenezia, Mike _eillustrator |
||
| 942 |
_2lcc _cBK _n0 |
||
| 999 |
_c6328 _d6328 |
||